| 000 | 00428 a2200157 4500 | ||
|---|---|---|---|
| 999 |
_c8611 _d8611 |
||
| 020 | _a9780702126871 | ||
| 050 | _aPL8771 NET 1987 | ||
| 100 | _a | ||
| 245 |
_a _bVenda novel/ _c |
||
| 264 |
_aCape Town : _bJuta, _c1987 |
||
| 300 | _a82 p. | ||
| 500 | _anovel | ||
| 650 | _aVenda language -- Texts. | ||
| 650 | _aVenda language- Fiction | ||
| 942 |
_2lcc _cBK _h8771 _iNET _k1987 |
||